[Event "P-4943"]
[Site "IECC email"]
[Date "2015.01.11"]
[Round "?"]
[White "Akram, Fauzi"]
[Black "Cuomo, Salvatore"]
[Result "1-0"]
[WhiteElo "1930"]
[BlackElo "1490"]
[PlyCount "53"]
[EventDate "2015.??.??"]
[EventType "tourn (corr)"]
[SourceTitle "Corr 2020"]
[Source "ChessBase"]
[SourceDate "2019.09.30"]
[SourceVersion "1"]
[SourceVersionDate "2019.09.30"]
[SourceQuality "1"]
[WhiteTeam "Jordan"]
[BlackTeam "Italy"]
[WhiteTeamCountry "JOR"]
[BlackTeamCountry "ITA"]

1. e4 c5 2. Nf3 d6 3. d4 cxd4 4. Nxd4 Nf6 5. Nc3 a6 6. Be3 e5 7. Nb3 Be6 8. h3 Be7 9. f4 exf4 10. Bxf4 Nc6 11. Qe2 Nd7 12. 0-0-0 Nce5 13. Kb1 Rc8 14. Qe3 0-0 15. Nd4 Qa5 16. a3 Rfe8 17. g4 b5 18. Nf5 Bxf5 19. gxf5 Nb6 20. Rg1 g6 21. Rg3 Nbc4 22. Bxc4 Nxc4 23. Qg1 Bh4 24. Nd5 Bxg3 25. Qxg3 Qa4 26. Rc1 Rxe4 27. Nf6+ 1-0

[Event "CP-2008-Q-00002"]
[Site "LSS email"]
[Date "2010.01.10"]
[Round "?"]
[White "Nenciulescu, Silviu Catalin"]
[Black "Cuomo, Salvatore"]
[Result "1/2-1/2"]
[WhiteElo "1913"]
[BlackElo "1854"]
[PlyCount "42"]
[EventDate "2010.01.15"]
[EventType "tourn (corr)"]
[EventRounds "6"]
[EventCountry "GER"]
[SourceTitle "Telechess CBM 141"]
[Source "ChessBase"]
[SourceDate "2011.03.17"]
[SourceVersion "1"]
[SourceVersionDate "2011.03.17"]
[SourceQuality "1"]

1. d4 Nf6 2. c4 g6 3. Nc3 d5 4. Nf3 Bg7 5. e3 0-0 6. Qb3 e6 7. Be2 b6 8. 0-0 Bb7 9. Rd1 Nbd7 10. cxd5 Nxd5 11. Nxd5 Bxd5 12. Qc2 Nf6 13. Nd2 Rc8 14. Ba6 Rb8 15. b3 Qd6 16. Bb2 b5 17. e4 Nxe4 18. Nxe4 Qxa6 19. f3 Rfd8 20. Qxc7 Bxe4 21. fxe4 Rbc8 1/2-1/2

[Event "LSS SB-2009-0-00070"]
[Site "LSS email"]
[Date "2009.11.29"]
[Round "?"]
[White "Cuomo, Salvatore"]
[Black "Migliorini, Roberto"]
[Result "0-1"]
[WhiteElo "1828"]
[BlackElo "1808"]
[PlyCount "62"]
[EventDate "2009.10.24"]
[EventType "tourn (corr)"]
[EventRounds "6"]
[EventCountry "GER"]
[SourceTitle "Corr 2013"]
[Source "ChessBase"]
[SourceDate "2012.11.12"]
[SourceVersion "1"]
[SourceVersionDate "2012.11.12"]
[SourceQuality "1"]
[WhiteTeam "US of America"]
[BlackTeam "US of America"]
[WhiteTeamCountry "USA"]
[BlackTeamCountry "USA"]

1. e4 c5 2. Nf3 d6 3. d4 cxd4 4. Nxd4 Nf6 5. Nc3 a6 6. Bg5 e6 7. f4 Be7 8. Qf3 Qc7 9. 0-0-0 Nbd7 10. g4 b5 11. Bxf6 Nxf6 12. g5 Nd7 13. f5 Nc5 14. f6 gxf6 15. gxf6 Bf8 16. Rg1 h5 17. Rg7 b4 18. Nb1 Bb7 19. Nd2 Bxg7 20. fxg7 Rg8 21. Qxh5 0-0-0 22. Qh6 d5 23. exd5 Bxd5 24. Qf6 Qxh2 25. Bc4 Qc7 26. b3 Bxc4 27. Nxc4 Rd5 28. Ne3 Rd7 29. Nc4 Qd8 30. Qf3 Nb7 31. a3 Rxd4 0-1

[Event "LSS SB-2009-0-00070"]
[Site "LSS email"]
[Date "2009.11.29"]
[Round "?"]
[White "Soreghy, Janos"]
[Black "Cuomo, Salvatore"]
[Result "1/2-1/2"]
[WhiteElo "1872"]
[BlackElo "1828"]
[PlyCount "45"]
[EventDate "2009.10.24"]
[EventType "tourn (corr)"]
[EventRounds "6"]
[EventCountry "GER"]
[SourceTitle "Corr 2013"]
[Source "ChessBase"]
[SourceDate "2012.11.12"]
[SourceVersion "1"]
[SourceVersionDate "2012.11.12"]
[SourceQuality "1"]
[WhiteTeam "US of America"]
[BlackTeam "US of America"]
[WhiteTeamCountry "USA"]
[BlackTeamCountry "USA"]

1. d4 Nf6 2. c4 g6 3. Nc3 d5 4. cxd5 Nxd5 5. Nf3 Bg7 6. e4 Nxc3 7. bxc3 c5 8. Rb1 0-0 9. Be2 b6 10. 0-0 Bb7 11. Qd3 e6 12. Bg5 Qc7 13. Qe3 Rc8 14. Rfc1 Nd7 15. Bf4 cxd4 16. cxd4 Qd8 17. e5 Rxc1+ 18. Rxc1 Rc8 19. h3 Rxc1+ 20. Qxc1 Nb8 21. Qc3 Bf8 22. Bg5 Qd7 23. Qd2 1/2-1/2

[Event "IECC P-4542"]
[Site "IECC email"]
[Date "2009.04.21"]
[Round "?"]
[White "Urbaniak, Marcin"]
[Black "Cuomo, Salvatore"]
[Result "1-0"]
[WhiteElo "1298"]
[BlackElo "1470"]
[PlyCount "49"]
[EventDate "2009.??.??"]
[EventType "tourn (corr)"]
[EventRounds "1"]
[SourceTitle "Corr 2011"]
[Source "ChessBase"]
[SourceDate "2010.08.31"]
[SourceVersion "1"]
[SourceVersionDate "2010.08.31"]
[SourceQuality "1"]
[WhiteTeam "Poland"]
[BlackTeam "Italy"]
[WhiteTeamCountry "POL"]
[BlackTeamCountry "ITA"]

1. e4 e6 2. d4 d5 3. Nd2 Nf6 4. e5 Nfd7 5. Bd3 c5 6. c3 Nc6 7. Ne2 cxd4 8. cxd4 f6 9. exf6 Nxf6 10. Nf3 Bd6 11. 0-0 0-0 12. Bf4 Bxf4 13. Nxf4 Ne4 14. Ne2 Ng5 15. Ne5 Nxe5 16. dxe5 Qb6 17. Qd2 Nf7 18. Qc3 Bd7 19. Rae1 Rac8 20. Qd4 Qxd4 21. Nxd4 Nd8 22. f4 Nc6 23. Nxc6 Rxc6 24. g3 h6 25. Rf2 1-0

[Event "IECG CB.2009.0.00190 email"]
[Site "IECG email"]
[Date "2009.04.05"]
[Round "?"]
[White "Laczay, Istvan"]
[Black "Cuomo, Salvatore"]
[Result "1/2-1/2"]
[WhiteElo "1870"]
[BlackElo "1850"]
[PlyCount "47"]
[EventDate "2009.04.05"]
[EventType "tourn (corr)"]
[EventRounds "6"]
[SourceTitle "Corr 2024"]
[Source "ChessBase"]
[SourceDate "2023.10.19"]
[SourceVersion "1"]
[SourceVersionDate "2023.10.19"]
[SourceQuality "1"]

1. d4 d5 2. c4 c6 3. Nc3 e5 4. cxd5 cxd5 5. Nf3 e4 6. Ne5 Nf6 7. Bf4 Qb6 8. Rc1 Nc6 9. Nxc6 bxc6 10. Rc2 Bb4 11. a3 Bxc3+ 12. Rxc3 Qxb2 13. Rb3 Qa2 14. Bd6 Ba6 15. Rc3 Kd7 16. Bf4 Rhb8 17. Bxb8 Rxb8 18. g3 Rb1 19. Rc1 Rb2 20. Bh3+ Ke7 21. 0-0 Bxe2 22. Qa4 Bxf1 23. Qxa7+ Kf8 24. Qa8+ 1/2-1/2

[Event "IECG CB.2009.0.00190 email"]
[Site "IECG email"]
[Date "2009.04.05"]
[Round "?"]
[White "Potapov, Eugene"]
[Black "Cuomo, Salvatore"]
[Result "1-0"]
[WhiteElo "1850"]
[BlackElo "1850"]
[PlyCount "49"]
[EventDate "2009.04.05"]
[EventType "tourn (corr)"]
[EventRounds "6"]
[SourceTitle "Corr 2024"]
[Source "ChessBase"]
[SourceDate "2023.10.19"]
[SourceVersion "1"]
[SourceVersionDate "2023.10.19"]
[SourceQuality "1"]

1. e4 c5 2. Nf3 e6 3. d4 cxd4 4. Nxd4 a6 5. Bd3 Bc5 6. Nb3 Be7 7. 0-0 d6 8. c4 Nf6 9. Nc3 0-0 10. Be3 Nc6 11. Rc1 Qc7 12. f4 h6 13. Qf3 Rb8 14. Be2 b6 15. Qg3 Kh8 16. Bf3 Bd7 17. Nb5 axb5 18. cxb5 e5 19. bxc6 Bxc6 20. fxe5 dxe5 21. Nd4 Bc5 22. b4 Qd7 23. bxc5 exd4 24. Bf4 Rb7 25. Be5 1-0

[Event "IECG CB.2008.0.00185 email"]
[Site "IECG email"]
[Date "2008.09.15"]
[Round "?"]
[White "Laczay, Istvan"]
[Black "Cuomo, Salvatore"]
[Result "1/2-1/2"]
[WhiteElo "1916"]
[BlackElo "1863"]
[PlyCount "74"]
[EventDate "2008.09.15"]
[EventType "tourn (corr)"]
[EventRounds "6"]
[SourceTitle "Corr 2024"]
[Source "ChessBase"]
[SourceDate "2023.10.19"]
[SourceVersion "1"]
[SourceVersionDate "2023.10.19"]
[SourceQuality "1"]

1. d4 Nf6 2. c4 g6 3. Nc3 d5 4. cxd5 Nxd5 5. e4 Nxc3 6. bxc3 Bg7 7. Bc4 c5 8. Ne2 0-0 9. 0-0 Nc6 10. Be3 Bg4 11. f3 Na5 12. Bd3 cxd4 13. cxd4 Be6 14. d5 Bxa1 15. Qxa1 f6 16. Qb1 Bf7 17. Nd4 Qd7 18. Qb4 b6 19. Bb5 Qd6 20. Qxd6 exd6 21. Bf4 a6 22. Bc6 Nxc6 23. Nxc6 Be8 24. Rc1 Bxc6 25. dxc6 Rfc8 26. Bxd6 Kf7 27. h4 Ke6 28. Bf4 f5 29. Kf2 fxe4 30. fxe4 Rf8 31. Ke3 Rac8 32. g4 Rf7 33. c7 Kd7 34. Rd1+ Kc6 35. Rd8 Rf8 36. Rd6+ Kb7 37. Rd7 h6 1/2-1/2

[Event "IECC KO-2097"]
[Site "IECC email"]
[Date "2008.05.06"]
[Round "?"]
[White "Duteau, Jean Henri"]
[Black "Cuomo, Salvatore"]
[Result "1-0"]
[WhiteElo "1415"]
[BlackElo "1525"]
[PlyCount "45"]
[EventDate "2007.??.??"]
[EventType "match (corr)"]
[EventRounds "2"]
[SourceTitle "Corr 2013"]
[Source "ChessBase"]
[SourceDate "2012.11.12"]
[SourceVersion "1"]
[SourceVersionDate "2012.11.12"]
[SourceQuality "1"]
[WhiteTeam "Hungary"]
[BlackTeam "South Africa"]
[WhiteTeamCountry "HUN"]
[BlackTeamCountry "RSA"]

1. e4 c5 2. Nf3 e6 3. d3 d5 4. Qe2 Nf6 5. g3 Be7 6. Bg2 0-0 7. 0-0 Nc6 8. e5 Nd7 9. c4 Nb6 10. Nbd2 f6 11. exf6 Bxf6 12. Nb3 Qe7 13. Re1 dxc4 14. dxc4 Rd8 15. a4 a5 16. Qe4 Nd4 17. Nfxd4 cxd4 18. c5 Nc4 19. Bf1 Ne5 20. Bf4 Rd5 21. Bb5 Qf7 22. Bxe5 Rxe5 23. Qd3 1-0

[Event "IECC P-4417"]
[Site "IECC email"]
[Date "2008.02.23"]
[Round "?"]
[White "Cuomo, Salvatore"]
[Black "Brousek, Jiri"]
[Result "0-1"]
[WhiteElo "1495"]
[BlackElo "2353"]
[PlyCount "60"]
[EventDate "2008.??.??"]
[EventType "match (corr)"]
[SourceTitle "Corr 2013"]
[Source "ChessBase"]
[SourceDate "2012.11.12"]
[SourceVersion "1"]
[SourceVersionDate "2012.11.12"]
[SourceQuality "1"]
[WhiteTeam "US of America"]
[BlackTeam "Australia"]
[WhiteTeamCountry "USA"]
[BlackTeamCountry "AUS"]

1. c4 e6 2. d4 Nf6 3. Nc3 Bb4 4. Qc2 0-0 5. a3 Bxc3+ 6. Qxc3 b6 7. Bg5 Bb7 8. f3 h6 9. Bh4 d5 10. e3 Nbd7 11. cxd5 Nxd5 12. Bxd8 Nxc3 13. Bxc7 Nd5 14. Bd6 Nxe3 15. Bxf8 Nc2+ 16. Kf2 Nxa1 17. Bb4 Nb3 18. Bb5 Nf6 19. Ne2 Rc8 20. Ba4 Bd5 21. Bxb3 Bxb3 22. Rc1 Rxc1 23. Nxc1 Bc4 24. Ne2 Bxe2 25. Kxe2 Nd5 26. Bd6 b5 27. Kd3 g5 28. Bb8 a6 29. g4 f5 30. b3 h5 0-1

[Event "IECC KO-2097"]
[Site "IECC email"]
[Date "2007.12.11"]
[Round "?"]
[White "Cuomo, Salvatore"]
[Black "Venturas, Bob"]
[Result "1-0"]
[WhiteElo "1483"]
[BlackElo "1109"]
[PlyCount "47"]
[EventDate "2007.??.??"]
[EventType "match (corr)"]
[EventRounds "2"]
[SourceTitle "Corr 2020"]
[Source "ChessBase"]
[SourceDate "2019.09.30"]
[SourceVersion "1"]
[SourceVersionDate "2019.09.30"]
[SourceQuality "1"]
[WhiteTeam "Italy"]
[BlackTeam "Canada"]
[WhiteTeamCountry "ITA"]
[BlackTeamCountry "CAN"]

1. d4 d5 2. c4 Nf6 3. cxd5 Qxd5 4. Nc3 Qd8 5. e4 e6 6. Nf3 Bd7 7. Bd3 Bb4 8. 0-0 a6 9. Qb3 Nc6 10. d5 Bxc3 11. dxc6 Bxc6 12. Qxc3 0-0 13. Re1 Re8 14. Bf4 Rc8 15. Rac1 Qe7 16. Nd4 Bd7 17. Bxc7 e5 18. Nb3 Bc6 19. Bb6 Bxe4 20. Qxc8 Rxc8 21. Rxc8+ Ne8 22. Bxe4 f6 23. Rd1 Kf8 24. Bc5 1-0

[Event "IECC CL5-2007.18 email"]
[Site "IECC email"]
[Date "2007.12.03"]
[Round "?"]
[White "Brown, Tony R"]
[Black "Cuomo, Salvatore"]
[Result "0-1"]
[WhiteElo "1421"]
[BlackElo "1468"]
[PlyCount "36"]
[EventDate "2007.??.??"]
[EventType "tourn (corr)"]
[EventRounds "4"]
[SourceTitle "Corr 2015"]
[Source "ChessBase"]
[SourceDate "2015.07.17"]
[SourceVersion "1"]
[SourceVersionDate "2015.07.17"]
[SourceQuality "1"]
[WhiteTeam "US of America"]
[BlackTeam "Italy"]
[WhiteTeamCountry "USA"]
[BlackTeamCountry "ITA"]

1. e4 c6 2. d4 d5 3. e5 Bf5 4. g4 Bg6 5. f4 e6 6. Nf3 c5 7. c3 Nc6 8. Bd3 Bxd3 9. Qxd3 Qb6 10. f5 0-0-0 11. fxe6 fxe6 12. Ng5 Nh6 13. Nxe6 Re8 14. dxc5 Bxc5 15. Qxd5 Bf2+ 16. Ke2 Nxg4 17. Qf3 Ncxe5 18. Qd5 Rxe6 0-1

[Event "IECC CL5-2007.18 email"]
[Site "IECC email"]
[Date "2007.12.03"]
[Round "?"]
[White "Oppedal, Jim"]
[Black "Cuomo, Salvatore"]
[Result "1/2-1/2"]
[WhiteElo "1586"]
[BlackElo "1490"]
[PlyCount "62"]
[EventDate "2007.??.??"]
[EventType "tourn (corr)"]
[EventRounds "4"]
[SourceTitle "Corr 2015"]
[Source "ChessBase"]
[SourceDate "2015.07.17"]
[SourceVersion "1"]
[SourceVersionDate "2015.07.17"]
[SourceQuality "1"]
[WhiteTeam "US of America"]
[BlackTeam "Italy"]
[WhiteTeamCountry "USA"]
[BlackTeamCountry "ITA"]

1. d4 d5 2. Nf3 c6 3. e3 Nf6 4. Bd3 Bg4 5. c4 e6 6. Qb3 Bxf3 7. gxf3 Qc7 8. Nc3 dxc4 9. Bxc4 Nbd7 10. Bd2 Bd6 11. h4 0-0 12. 0-0-0 b5 13. Bd3 a6 14. Kb1 c5 15. dxc5 Nxc5 16. Qc2 Nxd3 17. Qxd3 Rfd8 18. Qe2 Qb7 19. Rc1 Rac8 20. e4 b4 21. Nd1 b3 22. Rxc8 bxa2+ 23. Ka1 Qxc8 24. Ba5 Bc7 25. Bc3 Nh5 26. Rg1 g6 27. Ne3 Nf4 28. Qc2 Bd6 29. Bf6 Qxc2 30. Nxc2 Rc8 31. Ne3 Nd3 1/2-1/2

[Event "IECC KO-2096"]
[Site "IECC email"]
[Date "2007.11.12"]
[Round "?"]
[White "Trevis, Robert R"]
[Black "Cuomo, Salvatore"]
[Result "1-0"]
[WhiteElo "1272"]
[BlackElo "1514"]
[PlyCount "39"]
[EventDate "2007.??.??"]
[EventType "match (corr)"]
[EventRounds "2"]
[SourceTitle "Corr 2020"]
[Source "ChessBase"]
[SourceDate "2019.09.30"]
[SourceVersion "1"]
[SourceVersionDate "2019.09.30"]
[SourceQuality "1"]
[WhiteTeam "New Zealand"]
[BlackTeam "Italy"]
[WhiteTeamCountry "NZL"]
[BlackTeamCountry "ITA"]

1. e4 e6 2. d4 d5 3. Nc3 dxe4 4. Nxe4 Bd7 5. Nf3 Bc6 6. Bd3 Nd7 7. 0-0 Ngf6 8. Nxf6+ Nxf6 9. Bd2 Bd6 10. Ne5 Bxe5 11. dxe5 Qd5 12. Qf3 Qxe5 13. Qf4 Qxf4 14. Bxf4 0-0-0 15. Rfe1 Rd7 16. Rad1 Rhd8 17. Be5 Bb5 18. Rc1 Bxd3 19. cxd3 Ne8 20. d4 1-0